000 00625nam a2200217Ii 4500
003 JO-AjNU
008 230606s9999||||xx |||||||||||||| ||und||
020 _a0-582-00671-1
040 _aJO-AjNU
_beng
_erda
_cJO-AjNU
041 _aeng
050 1 4 _aPE1112.Q5 1973
100 3 _aQuirk, Randolph/Sidney Greenbaum,
_eauthor
_95401
245 0 2 _aA University Grammar of English
250 _a1 ed
264 3 1 _aHong Kong : English Language Book Society , 1973
300 _a484p
336 _atext
_btxt
_2rdacontent
337 _aunmediated
_bn
_2rdamedia
338 _avolume
_bnc
_2rdacarrier
650 4 _aGrammar
_95402
999 _aE2789
_c2787
_d2787